Vývoj v oblasti integrovaného vykazovania a správy o udržateľnosti diplomová práca

Na minha lista:
Detalhes bibliográficos
Autor principal: Berdisová, Ivana
Autor Corporativo: Fakulta hospodárskej informatiky EU. Katedra účtovníctva a audítorstva
Outros Autores: Mokošová, Daša, 1979-
Formato: Livro
Idioma:eslovaco
Publicado em: Bratislava 2018
Tags: Adicionar Tag
Sem tags, seja o primeiro a adicionar uma tag!

MARC

LEADER 00000nbm a2200000 4500
001 0243586
005 20181108090833.7
041 0 |a slo 
044 |a SK 
245 1 0 |a Vývoj v oblasti integrovaného vykazovania a správy o udržateľnosti  |b diplomová práca  |c Ivana Berdisová ; školiteľ: Daša Mokošová 
264 1 |a Bratislava  |c 2018 
300 |a 80 s. 
100 1 |a Berdisová, Ivana 
700 1 |a Mokošová, Daša, 1979- 
710 2 |a Fakulta hospodárskej informatiky EU. Katedra účtovníctva a audítorstva